00597nam a2200205Ia 4500003000400000005001700004008004100021020001900062040000700081041000800088082001600096100001800112245003200130260003900162300000800201650002000209942001300229999001900242952013000261OSt20260505163250.0250729s2011 xx 000 0 und d a9788184673616  cAL akan a494.52 RDJB aR.D.J9231083 aThatsama thadbhava padagalu aBangalorebswapna Book Housec2011 a60p aKannada9231084 2ddccBED c239104d239104 00104070aALbALd2025-07-29eManagement Booksg14.00l0o494.52 RDJBpBED04423r2025-07-29 16:57:16v14.00w2025-07-29yBK